LDR 01441naa#a2200253#i#450# 001 RU\INFRA-M\bibl\114629 005 20260428030417.2 011 ## _a2587-9111 100 ## _a20260417b2026####ek#y0rusy0150####ca 102 ## _aRU 200 1# _aУправление рисками кибербезопасности в организациях малого и среднего бизнеса _eЖурнальная статья 210 1# _aМосква _cОбщество с ограниченной ответственностью «Научно-издательский центр ИНФРА-М» _d2026 215 ## _a6 с. 606 ## _aОрганизация и технология защиты информации. 10.02.01 _2local 608 ## _aЖурнальная статья _2local 675 ## _aЭкономическая политика. Управление и планирование в экономике. 338.2 _aЭкономика. Экономические науки. 33 _z 686 ## _aЭкономика предприятия (фирмы). 6529 _2bbk 686 ## _aУправление рисками. 7837 _2tbk 686 ## _aЭкономика и организация предприятия. Управление предприятием. 06.81 _2grnti 700 #1 _aЦой _gВ. В. 700 #1 _aКикоть _gА. В. 700 #1 _aКочеткова _gЕ. А. 700 #1 _aВодолаженко _gР. А. 856 4# _anaukaru.ru _u